000 00691nam a2200289Ia 4500
005 20260324134513.0
008 008 260324s9999 xx 000 0 eng d
020 _a9781315028187
037 _aEBOOK
040 _aCRL
040 _beng
040 _cCRL
041 _2eng
041 _aeng
084 _qCRL
100 _aZhou Xun; Xun Zhou
_91197060
245 0 _aChinese Perceptions of the Jews' and Judaism
245 2 _bA History of the Youtai
260 _bTaylor and Francis
260 _c2001
365 _a
365 _b230
856 _uhttp://www.taylorfrancis.com/books/9781315028187
942 _cEBOOK
999 _c1797235
_d1797235